000 00810nam a2200241Ia 4500
003 OSt
005 20220923214351.0
006 a|||||r|||| 00| 0
007 ta
008 220922b |||||||| |||| 00| 0 hin d
024 _a169,199
037 _cTextual
040 _aARTS
_cARTS
_bhin
041 _2hin
_ahin
082 _aO152,1M861x, K7
100 _aत्रिपाठी, रामनरेश
245 0 _aस्वप्न (खण्ड काव्य)
246 _aSvapna (khaṇḍa kāvya)
260 _aसुल्तानपुर
_b हिन्दी-मन्दिर
_c1967
650 _aहिन्दी साहित्य
_9156264
942 _hO152,1M861x, K7
_cTEXL
_2CC
999 _c323655
_d323655